000
00214 a2200097 4500
001
46599
100
_a
Jamil, Malik
245
_a
Pass-e-Ayena
260
_a
Rawalpindi
_b
Naveed Publishers
_c
090
_c
29710
_d
29710
942
_a
NUST-CAE
_c
M
_c
21903
999
_c
281672
_d
281672